Normal view MARC view
  • Lifshitz, E.M.

Entry Personal Name

Number of records used in: 1

001 - CONTROL NUMBER

  • control field: 25901

003 - CONTROL NUMBER IDENTIFIER

  • control field: NUST

005 - DATE AND TIME OF LATEST TRANSACTION

  • control field: 20191120112213.0

008 - FIXED-LENGTH DATA ELEMENTS

  • fixed length control field: 191120|| aca||aabn | a|a d

040 ## - CATALOGING SOURCE

  • Original cataloging agency: NUST
  • Transcribing agency: NUST

100 ## - HEADING--PERSONAL NAME

  • Personal name: Lifshitz, E.M.

670 ## - SOURCE DATA FOUND

  • Source citation: Work cat.: (NUST): Landau, L D. 25900, Fluid mechanics, second edition : Volume 6 /, 1959.
© 2023 Central Library, National University of Sciences and Technology. All Rights Reserved.